| 000 | 00536nam a2200181Ia 4500 | ||
|---|---|---|---|
| 003 | GCL | ||
| 008 | 140319s9999 xx 000 0 eng d | ||
| 040 |
_aGCL / _cGCL |
||
| 082 | 0 | 4 |
_aCC _b932 _bW C |
| 100 | 1 | _aWILCKEN, ULRICH | |
| 245 | 1 | 0 |
_aCATALOGUE GENERAL DES ANTIQUITES EGYPTIENNESDU MUSEE DU CAIRE: GRIECHISCHE OSTRAKA / _cWILCKEN, ULRICH |
| 260 |
_a[S.N] : _bSERVICE DES ANTIQUITES DE L'EGYPTE ، _c1993 |
||
| 300 | _a157 | ||
| 650 | 0 | 4 | _aANCIENT EGYPT |
| 650 | 0 | 4 | _aARCHAEOLOGY |
| 650 | 0 | 4 | _aEGYPT, MUSEUMS |
| 942 |
_2ddc _cBK |
||
| 999 |
_c16902 _d16902 |
||